00606nam a22001457a 450000500170000001000150001702000300003203500140006203700130007608200120008924501050010126000680020627001560027430000300043020210111113207.0 aENG-128737 a978-93-534-3779-4c750.00 aEN-112269 bDBAD/PUB a621.381 aGATE Topic-wise Previous Years Solved Question Papers Electronics and Communication Engineering 2020 aUttar PradeshbPearson India Education Services Pvt. Ltd.c2020 bUttar Pradeshe201301a15th Floor, Tower-B, World Trade Tower, Plot No.- 1, Block-C, Sector-16, Noidamcompanysecretary.india@pearson.comk044-66540100 avarious pages.c25cm(pbk)